00377nam a22001577a 450000500170000000800410001701000100005801100100006802000150007803500100009324500420010326000080014559000420015390100070019599900170020220220127140341.0010208d2000 cr ad r 00110 spa d a83447 a84419 a9968995118 a9493900aPrevención y manejo de malñc/por c199 aCONVERSIONb10c20130109lUCH01h1346 aBK c83447d83447